000
00328nam a2200133Ia 4500
008
220216s9999 xx 000 0 und d
100
_a
Chakravarthy S N
245
0
_a
Innovative trends in rubber blends
260
_b
Rubber Asia
_c
1996
300
_a
33-36
650
_a
Natural rubber
650
_a
Rubber blends
942
_c
JS
999
_c
61431
_d
61431